Statistics for Lord of the Rings Characters

Click here to take the quiz!

General Stats

  • This quiz has been taken 65,428 times
  • The average score is 18 of 24

Answer Stats

# Clue Character % Correct
1The ring-bearerFrodo
99%
3Grey wizardGandalf
99%
6Best friend of #1Samwise
96%
2Adoptive uncle of #1Bilbo
96%
10Fellowship member (elf)Legolas
92%
5Dark Lord of MordorSauron
91%
9Rightful heir of GondorAragorn
91%
8Cousin and companion of #1Pippin
90%
14Owner of the ring before #2Gollum
88%
16Evil white wizardSaruman
87%
11Fellowship member (dwarf)Gimli
87%
7Cousin and companion of #1Merry
85%
12Fellowship member (man)Boromir
82%
15Former name of #14Sméagol
78%
13Younger brother of #12Faramir
74%
17Lord of RivendellElrond
67%
21Leader of the entsTreebeard
65%
18Female co-ruler of LothlórienGaladriel
64%
4Horse of #3Shadowfax
63%
20Demon who #3 battles in MoriaDurin's Bane
63%
22Daughter of #17; love interest of #9Arwen
59%
23Giant spider who attacks #1Shelob
50%
24Mysterious woodsman -
the oldest being in Middle Earth
Tom Bombadil
45%
19Male co-ruler of LothlórienCeleborn
29%

Score Distribution

Percentile by Number Answered

Percent of People with Each Score

Your Score History

You have not taken this quiz